Kluby piłkarskie - Przedstawiciele miast w lidze polskiej - Statystyki

Ogólne statystyki
  • Ten quiz został rozwiązany 6 680 razy
  • Średni wynik to 9 z 13
Statystyki odpowiedzi
Liczba klubów Nazwy klubów Miasto % Poprawnych
4 kluby Gwardia, Legia, Polonia, * Warszawa
98%
3 kluby Lech, Olimpia, Warta Poznań
97%
2 kluby Arka, Bałtyk Gdynia
96%
2 kluby Arkonia, Pogoń Szczecin
96%
2 kluby AKS, Ruch Chorzów
93%
2 kluby Polonia, Zawisza Bydgoszcz
87%
7 klubów *, *, Hutnik, Jutrzenka, Podgórze, *, * Kraków
85%
3 kluby 1. FC, Dąb, GKS Katowice
81%
2 kluby Polonia, Szombierki Bytom
64%
5 klubów Klub Turystów, *, ŁTSG, Union-Touring, * Łódź
64%
2 kluby GKS, Sokół Tychy
36%
4 kluby ! Czarni, Hasmonea, Lechia, Pogoń Lwów
34%
2 kluby Górnik, Zagłębie Wałbrzych
18%
Nie znaleziono quizów pasujących do podanych kryteriów
Rozkład punktacji
Procent ludzi z każdym wynikiem
Percentyl według liczby udzielonych odpowiedzi
Twoja historia wyników
Nie rozwiązałeś tego quizu